000 00599 a2200181 4500
999 _c9354
_d9354
020 _a9781847038326
050 _aKF8810 AUB 2009
100 _aScott. IR
_eeditor
245 _aCivil procedure 2009 :
_bfirst supplement to the 2009 edition/
_cI R Scott;
264 _aLondon : .
_bSweet & Maxwell,
_c2009
300 _a2 volumes ; 25 cm., 101 pages
440 _aWhite book service
500 _alncludes index
650 _a Great Britain. -- Supreme Court of Judicature
650 _aProcedure (Law) -- England
650 _a Civil procedure -- Great Britain.
942 _2lcc
_cBK
_h8810
_iAUB
_kKF